000 00419nam a22001577a 4500
999 _c259921
_d259920
003 OSt
005 20230412092748.0
008 230412b xxu||||| |||| 00| 0 eng d
020 _a0590254812
040 _cN/A
100 _aC.S. Lewis
245 _aChronicles of Narnia:
_bLast Battle
250 _aBook Seven
_billustrated by Pauline Baynes
260 _aNewYork.
_bHarperCollins Publishers
_c1956
942 _2lcc
_cBK